[Event "75th ch-BUL Semi-Final"]
[Site "Plovdiv BUL"]
[Date "2011.02.10"]
[Round "5"]
[White "Sotirov,N"]
[Black "Pantev,T"]
[Result "0-1"]
[WhiteElo "2123"]
[BlackElo "1806"]

1.e4 c5 2.c3 Nf6 3.e5 Nd5 4.d4 cxd4 5.cxd4 e6 6.Nc3 d6 7.Nf3 Nc6 8.Bc4 Nb6
9.Bb5 dxe5 10.Nxe5 Bd7 11.Nxd7 Qxd7 12.Qg4 a6 13.Bxc6 Qxc6 14.O-O Nd5 15.Nxd5 Qxd5
16.Re1 h5 17.Qg3 g6 18.Re5 Bd6 19.Rxd5 Bxg3 20.Ra5 Bc7 21.Ra3 Ke7 22.Be3 Rhd8
23.Rc3 Rd7 24.Rac1 Bb6 25.Rc4 Rad8 26.Kf1 Bxd4  0-1

[Event "1st Open"]
[Site "Cento ITA"]
[Date "2011.02.11"]
[Round "7"]
[White "Brunello,M"]
[Black "Govoni,F"]
[Result "1-0"]
[WhiteElo "2155"]
[BlackElo "2203"]

1.e4 c5 2.c3 Nf6 3.e5 Nd5 4.d4 cxd4 5.Nf3 Nc6 6.cxd4 d6 7.Bc4 Nb6 8.Bb5 dxe5
9.Nxe5 Qd5 10.Bxc6+ bxc6 11.O-O c5 12.Nc3 Qxd4 13.Nb5 Qxe5 14.Re1 Bg4 15.Rxe5 Bxd1
16.Nc7+ Kd8 17.Nxa8 Nd7 18.Re3 Kc8 19.Ra3 Kb7 20.Nc7 Kxc7 21.Bf4+ e5 22.Rxd1 exf4
23.Rxa7+ Kc6 24.Raxd7 f5 25.Rd8 Kc7 26.R1d7+ Kc6 27.Rf7  1-0

[Event "1st Open"]
[Site "Cento ITA"]
[Date "2011.02.11"]
[Round "7"]
[White "Arnetta,MariaT"]
[Black "Burani,E"]
[Result "1-0"]
[WhiteElo "2071"]
[BlackElo "1874"]

1.e4 c5 2.c3 Nf6 3.e5 Nd5 4.d4 cxd4 5.Nf3 d6 6.cxd4 dxe5 7.dxe5 Nc6 8.Bc4 e6
9.O-O Be7 10.a3 O-O 11.Qe2 Qc7 12.Bd2 Bd7 13.Nc3 Nxc3 14.Bxc3 Rac8 15.Bd3 Rfe8
16.h4 Qd8 17.Qe4 g6 18.Bd2 Bf8 19.h5 Ne7 20.hxg6 Nxg6 21.Bg5 Bc6 22.Qe3 Qb6
23.Qe2 Bg7 24.Bf6 Nf4 25.Qd2 Bh6 26.Bg5 Bxg5 27.Bxh7+ Kf8 28.Nxg5 Nd5 29.Ne4 Nc7
30.Nd6 Kg7 31.Bd3 Rg8 32.Nxc8 Rxc8 33.Qg5+ Kf8 34.Qf6 Ne8 35.Qh8+ Ke7 36.Qh4+ Kf8
37.b4 Rd8 38.Rad1 Ba4 39.Bc2 Rxd1 40.Bxd1 Bb5 41.Re1 Nc7 42.Qh8+ Ke7 43.Qf6+ Kf8
44.Bh5 Be8 45.Bf3 Bc6 46.Rc1 Ne8 47.Qh8+ Ke7 48.Qh4+ Kf8 49.Bxc6 bxc6 50.Rd1 Qc7
51.Qh8+ Ke7 52.Qh4+ Kf8 53.Qg5 c5 54.Rd3 Ng7 55.Rh3  1-0

[Event "1st Open"]
[Site "Cento ITA"]
[Date "2011.02.12"]
[Round "9"]
[White "Bentivegna,F"]
[Black "Brunello,M"]
[Result "1/2-1/2"]
[WhiteElo "2348"]
[BlackElo "2155"]

1.e4 c5 2.c3 Nf6 3.e5 Nd5 4.d4 cxd4 5.Nf3 e6 6.Bc4 d6 7.cxd4 Nc6 8.O-O Be7
9.a3 O-O 10.Re1 Bd7 11.Bd2 Rc8 12.Nc3 Ncb4 13.Bf1 Nxc3 14.bxc3 Nd5 15.c4 Nc7
16.exd6 Bxd6 17.Bd3 Ne8 18.Ne5 Nf6 19.Bg5 Be7 20.Qf3 Bc6 21.Qh3 g6 22.Rad1 Ba4
23.Rd2 Nh5 24.Bxe7 Qxe7 25.Bf1 Qg5 26.Qe3 Qf4 27.Qxf4 Nxf4 28.g3 Nh5 29.f4 Rfd8
30.Kf2 b6 31.Bh3 Rd6 32.Bf1 Rcd8 33.Ke3 Ng7 34.g4 f6 35.Nf3 Kf7 36.c5 bxc5
37.dxc5 Rxd2 38.Nxd2 Rc8 39.Ne4 Ke7 40.Rb1 Bc6 41.Nd6 Rc7 42.Rb8 Bd7 43.Rg8 Ne8
44.Nxe8 Bxe8 45.Rg7+ Bf7 46.Rxh7 Rxc5 47.Bd3 Kf8 48.Rh8+ Kg7 49.Rb8  1/2-1/2

[Event "TCh-NED"]
[Site "Netherlands NED"]
[Date "2011.02.12"]
[Round "6.9"]
[White "Potze,R"]
[Black "Michielsen,J"]
[Result "1-0"]
[WhiteElo "2114"]
[BlackElo "2386"]

1.e4 c5 2.c3 Nf6 3.e5 Nd5 4.Nf3 e6 5.d4 cxd4 6.cxd4 d6 7.a3 Bd7 8.Bd3 Bc6
9.O-O Nd7 10.Re1 Rc8 11.Qe2 a6 12.Bd2 dxe5 13.Nxe5 Nxe5 14.dxe5 Qb6 15.b4 Be7
16.Ra2 O-O 17.Qg4 Rfd8 18.Bh6 g6 19.Rd2 Bb5 20.h4 Nc3 21.Bxb5 axb5 22.Be3 Qa6
23.Rxd8+ Bxd8 24.Nxc3 Rxc3 25.Qd4 Rc8 26.h5 gxh5 27.Rd1 Be7 28.Qd7 Rd8 29.Qxe7 Rxd1+
30.Kh2 Qa8 31.Qg5+ Kf8 32.Bc5+  1-0

[Event "TCh-NED"]
[Site "Netherlands NED"]
[Date "2011.02.12"]
[Round "6.9"]
[White "Van de Oudeweetering,A"]
[Black "Van Kampen,R"]
[Result "1/2-1/2"]
[WhiteElo "2321"]
[BlackElo "2430"]

1.e4 c5 2.c3 Nf6 3.e5 Nd5 4.d4 cxd4 5.Nf3 Nc6 6.Bc4 Nb6 7.Bb3 d5 8.exd6 Qxd6
9.O-O Be6 10.Bxe6 Qxe6 11.Nxd4 Nxd4 12.Qxd4 Rd8 13.Qh4 Qe2 14.Nd2 e5 15.Qg3 f6
16.a4 Rd3 17.Nf3 Rd1 18.Nd2 Nd5 19.Qh3 Kf7 20.Qd7+ Kg6 21.Qe8+ Kf5 22.Qd7+ Kg6
23.Qe8+ Kf5 24.Qd7+ Kg6  1/2-1/2

[Event "75th ch-BUL Semi-Final"]
[Site "Plovdiv BUL"]
[Date "2011.02.12"]
[Round "8"]
[White "Nikolov,J"]
[Black "Nikolova,A"]
[Result "0-1"]
[WhiteElo "2101"]
[BlackElo "2311"]

1.e4 c5 2.c3 Nf6 3.e5 Nd5 4.Nf3 e6 5.d4 cxd4 6.cxd4 d6 7.Bc4 Nc6 8.O-O Be7
9.Qe2 O-O 10.Re1 a6 11.Bxd5 exd5 12.Nc3 Bg4 13.Rd1 dxe5 14.dxe5 d4 15.Bf4 Qa5
16.Ne4 Nxe5 17.Rxd4 Nxf3+ 18.gxf3 Be6 19.Bd6 Bxd6 20.Nxd6 Rad8 21.Qd3 Rd7
22.b4 Qe5 23.f4 Qf6 24.Rd1 Bxa2 25.f5 Rfd8 26.Qg3 h6 27.h4 Bb3 28.R1d2 Ba4
29.Ne4 Qxf5 30.Nd6 Qf6 31.Kh2 Bc6 32.Qd3 Rxd6 33.Rxd6 Rxd6 34.Qxd6 Qxh4+  0-1

[Event "ch-ROU Men"]
[Site "Sarata Monteoru ROU"]
[Date "2011.02.12"]
[Round "1.2"]
[White "Parligras,M"]
[Black "Gheorghiu,C"]
[Result "1-0"]
[WhiteElo "2594"]
[BlackElo "1949"]

1.e4 c5 2.c3 Nf6 3.e5 Nd5 4.Nf3 d6 5.exd6 e6 6.d4 cxd4 7.cxd4 Bxd6 8.Nc3 O-O
9.Bd3 Nc6 10.O-O h6 11.Re1 Qf6 12.Ne4 Qe7 13.a3 Bb8 14.Bc2 Rd8 15.b4 a6 16.Qd3 f5
17.Nc5 Qf6 18.Bb3 b6 19.Na4 Bc7 20.Nc3 Nce7 21.Nxd5 Nxd5 22.Qe2 Rd6 23.Bd2 Bb7
24.Rac1 Qd8 25.Ne5 Rc8 26.a4 Nf6 27.b5 axb5 28.axb5 Ne4 29.Bb4 Rxd4 30.Bxe6+ Kh7
31.Bxf5+ Kg8 32.Qa2+ Bd5 33.Be6+ Kh7 34.Bxd5 Rxd5 35.Rxe4 Rxe5 36.Rec4 Rxb5
37.g3 Ra8 38.Qb1+ Kg8 39.Rxc7  1-0

[Event "16th Lienz-Open 2011"]
[Site "Lienz AUT"]
[Date "2011.02.13"]
[Round "2"]
[White "Tegzes,L"]
[Black "Sebenik,M"]
[Result "0-1"]
[WhiteElo "2100"]
[BlackElo "2526"]

1.e4 c5 2.c3 Nf6 3.e5 Nd5 4.d4 cxd4 5.Nf3 Nc6 6.cxd4 d6 7.Nc3 dxe5 8.dxe5 Nxc3
9.Qxd8+ Nxd8 10.bxc3 Bd7 11.Be3 e6 12.Nd4 Rc8 13.Rc1 a6 14.Bd3 Ba3 15.Rc2 Ba4
16.Nb3 Nc6 17.Bf4 h6 18.O-O O-O 19.Re1 Rfd8 20.Be4 Rd7 21.h4 Na7 22.g4 Nb5
23.Re3 Be7 24.g5 hxg5 25.hxg5 g6 26.Kg2 Rdc7 27.Rh3 b6 28.Bd3 Rxc3 29.Rxc3 Nxc3
30.Bxa6 Rc7 31.Nd2 Nxa2 32.Ne4 Bc6 33.f3 Bxe4 34.fxe4 Rc2+ 35.Kf1 Bc5 36.Rf3 Nb4
37.Bb5 Rb2 38.Be8 Kf8 39.Bd7 Ke7 40.Ba4 Ra2 41.Bb5 Nc2 42.Bc4 Ra1+  0-1

[Event "75th ch-BUL Semi-Final"]
[Site "Plovdiv BUL"]
[Date "2011.02.13"]
[Round "9"]
[White "Nikolova,A"]
[Black "Enchev,I"]
[Result "0-1"]
[WhiteElo "2311"]
[BlackElo "2432"]

1.e4 c5 2.c3 Nf6 3.e5 Nd5 4.d4 e6 5.Nf3 cxd4 6.cxd4 d6 7.Bc4 Nb6 8.Bd3 dxe5
9.dxe5 Be7 10.O-O N8d7 11.Qe2 Nc5 12.Bc2 Bd7 13.Nc3 Bc6 14.Rd1 Nd5 15.Nb5 Qb6
16.Nbd4 Bd7 17.Nf5 exf5 18.Rxd5 Bc6 19.Rd1 g6 20.Nd4 Be4 21.Bxe4 Nxe4 22.Be3 Bc5
23.Rac1 Rd8 24.Rxc5 Qxc5 25.Nxf5 Rxd1+ 26.Qxd1 Qc6 27.Nh6 Nc5 28.Ng4 Nd7
29.Bh6 Kd8 30.Qd4 Qc5 31.Qe4 Kc8 32.Be3 Qc6 33.Qb4 Qe6 34.Nh6 Rd8 35.h4 Nb6
36.Qc3+ Kb8 37.Bc5 Nc8 38.f4 b6 39.Ba3 Rd1+ 40.Kh2 Qxa2 41.Qc2 Qd5 42.Qf2 Qc4
43.Kg3 Rd3+ 44.Kg4 Qd5 45.Bb4 f5+ 46.Nxf5 Qe6  0-1

[Event "G-TEAM Open"]
[Site "Novy Bor CZE"]
[Date "2011.02.14"]
[Round "3"]
[White "Vrana,J"]
[Black "Voelz,S"]
[Result "1-0"]
[WhiteElo "2348"]
[BlackElo "1950"]

1.e4 c5 2.c3 Nf6 3.e5 Nd5 4.d4 cxd4 5.Nf3 Nc6 6.cxd4 d6 7.Bc4 Nb6 8.Bb5 dxe5
9.Nxe5 Bd7 10.Nxd7 Qxd7 11.Nc3 e6 12.O-O Be7 13.Qg4 O-O 14.Bxc6 bxc6 15.Bh6 Bf6
16.Rfd1 e5 17.Qxd7 Nxd7 18.dxe5 Nxe5 19.Ne4 Be7 20.Bf4 Ng6 21.Bd6 Rfd8 22.Bc7 Rd5
23.Nc3 Rxd1+ 24.Rxd1 Kf8 25.Kf1 Rc8 26.Ba5 Ne5 27.Na4 Nc4 28.Be1 Nb6 29.Nc3 Bf6
30.Rc1 c5 31.Rc2 Bxc3 32.Bxc3 Nd5 33.Bd4 c4 34.a3 a6 35.g3 g6 36.b3 c3 37.Ke2 a5
38.Kd3 Ke7 39.Bxc3 Nxc3 40.Rxc3 Rd8+ 41.Kc2 Rd5 42.b4 axb4 43.axb4 Rb5 44.Kb3 Kd7
45.Rc5 Rb6 46.b5 Re6 47.Rc2 Re1 48.Kb4 Rb1+ 49.Ka5 h5 50.b6 Ra1+ 51.Kb5 Rb1+
52.Ka6 Ra1+ 53.Kb7 f5 54.Rd2+ Ke7 55.f4 Rb1 56.Kc7 Rc1+ 57.Kb8 Rb1 58.b7 Rb4
59.Ra2 Kd7 60.Ka7  1-0

[Event "G-TEAM Open"]
[Site "Novy Bor CZE"]
[Date "2011.02.14"]
[Round "3"]
[White "Kulas,S"]
[Black "Perdek,M"]
[Result "0-1"]
[WhiteElo "1938"]
[BlackElo "2245"]

1.e4 c5 2.c3 Nf6 3.e5 Nd5 4.d4 cxd4 5.Nf3 d6 6.cxd4 Nc6 7.Bc4 e6 8.O-O Be7
9.exd6 Qxd6 10.Nc3 O-O 11.Re1 Nxc3 12.bxc3 b6 13.Ng5 h6 14.Ne4 Qd7 15.Ng3 Na5
16.Bd3 Bb7 17.Qg4 f5 18.Qe2 Kf7 19.f3 Rac8 20.Bd2 Bd5 21.Nh5 g5 22.Qe5 Rg8
23.Ng3 Bd6 24.Qe2 Nc4 25.Bxc4 Rxc4 26.Nf1 f4 27.h3 Kg7 28.Nh2 h5 29.Rab1 Qf7
30.a4 Rxa4 31.Ra1 Rc4 32.Ra6 Rc7 33.Ra4 Rgc8 34.Rc1 Bb3 35.Raa1 Bc4 36.Qe4 Qg6
37.Qxg6+ Kxg6 38.Re1 a5 39.Ra4 Kf6 40.Rb1 Rc6 41.Kf2 Bd3 42.Rb2 Bc7 43.h4 gxh4
44.d5 exd5 45.Bxf4 b5 46.Rd4 Bb6 47.Ke3 Rxc3  0-1

[Event "ch-ROU Men"]
[Site "Sarata Monteoru ROU"]
[Date "2011.02.15"]
[Round "5.32"]
[White "Pavel,Se"]
[Black "Malureanu,C"]
[Result "1/2-1/2"]
[WhiteElo "1897"]
[BlackElo "2138"]

1.e4 c5 2.c3 Nf6 3.e5 Nd5 4.d4 cxd4 5.Nf3 d6 6.cxd4 Nc6 7.Bc4 Nb6 8.Bb3 dxe5
9.d5 Na5 10.Nc3 Nxb3 11.Qxb3 g6 12.Nxe5 Bg7 13.Bf4 O-O 14.Rd1 h5 15.h3 Qd6
16.Ne4 Qd8 17.O-O Nd7 18.Nxd7 Qxd7 19.Rfe1 b6 20.d6 e5  1/2-1/2

[Event "G-TEAM Open"]
[Site "Novy Bor CZE"]
[Date "2011.02.16"]
[Round "5"]
[White "Moloney,N"]
[Black "Perdek,M"]
[Result "1/2-1/2"]
[WhiteElo "2202"]
[BlackElo "2245"]

1.e4 c5 2.c3 Nf6 3.e5 Nd5 4.g3 d6 5.exd6 e6 6.Bg2 Bxd6 7.Nf3 Nc6 8.O-O O-O
9.d4 cxd4 10.Nxd4 Bc5 11.Nxc6 bxc6 12.c4 Ne7 13.Nc3 a5 14.Qh5 Bd4 15.Rd1 e5
16.Be3 Be6 17.Ne2 g6 18.Qf3 Nf5 19.Bxd4 exd4 20.b3 Rc8 21.Nf4 c5 22.Re1 Ng7
23.Re5 a4 24.Nd3 Qb6 25.Nb2 axb3 26.axb3 Rb8 27.Na4 Qxb3 28.Qxb3 Rxb3 29.Nxc5 Rc3
30.Bd5 Bxd5 31.Rxd5 Rxc4 32.Nd7 Rfc8 33.Nf6+ Kh8 34.Ra7 Ne8 35.Nxe8 Rxe8
36.Rxf7 Rc6 37.Rxd4 h5 38.Rdd7 Kg8 39.Kg2 Rd6 40.Rg7+ Kh8 41.Rh7+ Kg8 42.Rhg7+ Kh8
43.Rge7 Rxe7 44.Rxe7 Rd3 45.h4 Kg8 46.Kf1 Rd2 47.Kg2 Rd3 48.Re3 Rd6 49.Re4 Rd3
50.g4 hxg4 51.Rxg4 Kf7 52.Rf4+ Kg7 53.f3 Rd5 54.Kg3 g5 55.Rg4 Kh6 56.Rxg5  1/2-1/2

[Event "ch-ROU Women"]
[Site "Sarata Monteoru ROU"]
[Date "2011.02.16"]
[Round "5.12"]
[White "Florea,Do"]
[Black "Copilu,Codruta-Alexa"]
[Result "1-0"]
[WhiteElo "1906"]
[BlackElo "1535"]

1.e4 c5 2.c3 Nf6 3.e5 Nd5 4.d4 cxd4 5.cxd4 Nc6 6.Bc4 Nb6 7.Bb3 e6 8.Nf3 d6
9.O-O Be7 10.Nc3 O-O 11.Nb5 a6 12.exd6 Bxd6 13.Nxd6 Qxd6 14.Bg5 Na5 15.Bc2 Bd7
16.Bh4 Rac8 17.Ng5 Nd5 18.Bxh7+ Kh8 19.Bg3 Qe7 20.Qh5 Nf6 21.Qh4 Nc6 22.Be5 Ng4
23.Bg6+ Nh6 24.Qxh6+ Kg8 25.Qh7+  1-0

[Event "ch-ROU Women"]
[Site "Sarata Monteoru ROU"]
[Date "2011.02.17"]
[Round "6.11"]
[White "Visanescu,D"]
[Black "Cusmuliuc,D"]
[Result "1-0"]
[WhiteElo "1929"]
[BlackElo "1693"]

1.e4 c5 2.c3 Nf6 3.e5 Nd5 4.d4 cxd4 5.Nf3 Nc6 6.Bc4 Nb6 7.Bb3 e6 8.O-O d6
9.cxd4 Qc7 10.Bf4 Be7 11.Nc3 a6 12.exd6 Bxd6 13.Bxd6 Qxd6 14.d5 exd5 15.Nxd5 Ne7
16.Nxe7 Qxe7 17.Qd4 Qf6 18.Rfe1+ Be6 19.Qxb6 O-O 20.Bxe6 fxe6 21.Qxe6+  1-0

[Event "ch-ROU Men"]
[Site "Sarata Monteoru ROU"]
[Date "2011.02.17"]
[Round "7.43"]
[White "Lupu,Alexandru"]
[Black "Tufa,M"]
[Result "0-1"]
[WhiteElo "1822"]
[BlackElo "2011"]

1.e4 c5 2.c3 Nf6 3.d3 Nc6 4.g3 d5 5.Nd2 e5 6.Bg2 d4 7.c4 g6 8.Ngf3 Bg7 9.O-O O-O
10.Nb3 Qe7 11.h3 Nh5 12.Nh4 h6 13.Bd2 Kh7 14.Nc1 Bf6 15.Nf3 Ng7 16.Ne2 Ne6
17.Nh2 Bg7 18.f4 Nc7 19.f5 Ne8 20.g4 Nd6 21.Ng3 g5 22.Nf3 f6 23.h4 Bd7 24.hxg5 hxg5
25.Kf2 Rh8 26.Rh1+ Kg8 27.Rxh8+ Bxh8 28.Qh1 Qh7 29.Qxh7+ Kxh7 30.Rh1+ Kg8
31.Ke2 Nf7 32.Ne1 a6 33.Nc2 Bg7 34.b4 b5 35.bxc5 bxc4 36.dxc4 Rb8 37.Nh5  0-1

[Event "16th Lienz-Open 2011"]
[Site "Lienz AUT"]
[Date "2011.02.18"]
[Round "8"]
[White "Besner,B"]
[Black "Lanka,Z"]
[Result "0-1"]
[WhiteElo "2190"]
[BlackElo "2468"]

1.e4 c5 2.c3 Nf6 3.e5 Nd5 4.d4 cxd4 5.cxd4 d6 6.Nf3 Nc6 7.Bc4 Nb6 8.Bb3 dxe5
9.Nxe5 e6 10.Qf3 Bb4+ 11.Bd2 Bxd2+ 12.Nxd2 Nxe5 13.dxe5 Qd4 14.Qg3 Bd7 15.Rd1 Bb5
16.Nc4 Qe4+ 17.Qe3 Qxe3+ 18.Nxe3 Ke7 19.f4 a5 20.Rd6 Nd7 21.Kf2 g5 22.g3 h5
23.h4 gxf4 24.gxf4 Nc5 25.Bc2 f6 26.Rg1 fxe5 27.fxe5 Rhg8 28.Rxg8 Rxg8 29.Rb6 Bc6
30.Bd1 Nd3+ 31.Kf1 Rf8+ 32.Kg1 Rf4 33.Ng2 Rc4 34.Be2 Rc1+ 35.Kh2 Nxe5 36.Nf4 Rc2
37.Kg3 Nd7 38.Bd3 Rd2 39.Rb3 e5 40.Ng6+ Kf6 41.Bb1 a4 42.Rb4 Nc5 43.Nf8 b5
44.Nh7+ Ke7 45.Ng5 Na6 46.Nf3 Bxf3 47.Rxb5 Bd5 48.b3 Nc7 49.Ra5 axb3 50.axb3 Ne6
51.Ra7+ Kf8 52.Ra2 Rxa2 53.Bxa2 Nd4 54.Bb1 Bxb3  0-1

[Event "ch-ROU Men"]
[Site "Sarata Monteoru ROU"]
[Date "2011.02.18"]
[Round "9.12"]
[White "Petrisor,A"]
[Black "Senetia,T"]
[Result "1-0"]
[WhiteElo "2386"]
[BlackElo "2218"]

1.e4 c5 2.c3 Nf6 3.e5 Nd5 4.d4 cxd4 5.Nf3 e6 6.cxd4 b6 7.Nc3 Nxc3 8.bxc3 Qc7
9.Bd2 Bb7 10.Bd3 d6 11.O-O Nd7 12.Ng5 dxe5 13.Qh5 g6 14.Qh3 Be7 15.Rae1 a6
16.f4 Bxg5 17.fxg5 Qd6 18.Be4 Bxe4 19.Rxe4 Ra7 20.Rh4 h5 21.gxh6 Qd5 22.c4 Qd6
23.Bc3 f5 24.dxe5 Qa3 25.Rd4 Nf8 26.Rfd1 Rd7 27.Rxd7 Nxd7 28.Qf3 Nf8 29.Qc6+ Kf7
30.Qc7+ Qe7 31.Qxe7+ Kxe7 32.Bb4+ Kf7 33.Rd8 g5 34.a4 a5 35.Bd6 Ng6 36.Rxh8 Nxh8
37.Bc7 Ng6 38.Bxb6 Kg8 39.Bc7 Ne7 40.Bxa5 Nc6 41.Bc7 Kh7 42.a5 Kxh6 43.a6 f4
44.Bb6  1-0

[Event "ch-ROU Women"]
[Site "Sarata Monteoru ROU"]
[Date "2011.02.19"]
[Round "8.10"]
[White "Visanescu,D"]
[Black "Florea,Do"]
[Result "1-0"]
[WhiteElo "1929"]
[BlackElo "1906"]

1.e4 c5 2.c3 Nf6 3.e5 Nd5 4.d4 cxd4 5.Nf3 e6 6.cxd4 d6 7.Bc4 Nb6 8.Bb3 Nc6
9.O-O dxe5 10.dxe5 Qc7 11.Bf4 Na5 12.Nc3 Nxb3 13.Qxb3 Bd7 14.Rac1 Bc6 15.Nb5 Qb8
16.Nfd4 Nd5 17.Nxc6 bxc6 18.Rxc6 a6 19.Nc7+ Nxc7 20.Qxb8+ Rxb8 21.Rxc7 f6
22.b3 h6 23.Rd1 Ra8 24.Rdd7 f5 25.Ra7 Rc8 26.h4 Bc5 27.Rac7 Rxc7 28.Rxc7 Be7
29.Rc8+ Bd8 30.Ra8 Rg8 31.Rxa6 g5 32.hxg5 hxg5 33.Bd2 Kf7 34.Ra8 g4 35.g3 Re8
36.a4 Be7 37.Rxe8 Kxe8 38.Bc3 Kd7 39.Kf1 Kc6 40.Ke2 Bc5 41.f3 gxf3+ 42.Kxf3 Kd5
43.Kf4 Ba7 44.b4 Kc4 45.Bd2 Bb8 46.a5 Kb5 47.Be3 Bc7 48.Bc5 Ka6 49.Bd6 Bd8
50.g4 fxg4 51.Kxg4 Kb5 52.Kh5 Kc6 53.Kg6 Bh4 54.Kf7 Kd5 55.a6 Bf2 56.Bc5  1-0

[Event "ch-ROU Men"]
[Site "Sarata Monteoru ROU"]
[Date "2011.02.19"]
[Round "10.22"]
[White "Tufa,M"]
[Black "Doros,R"]
[Result "1-0"]
[WhiteElo "2011"]
[BlackElo "2348"]

1.e4 c5 2.c3 Nf6 3.e5 Nd5 4.d4 cxd4 5.cxd4 d6 6.Nf3 e6 7.Bc4 Nc6 8.O-O Be7
9.Nc3 Nxc3 10.bxc3 dxe5 11.Nxe5 Nxe5 12.dxe5 Qc7 13.Bb5+ Bd7 14.Bxd7+ Qxd7
15.Qg4 g6 16.Rd1 Qb5 17.Bh6 Qxe5 18.Qa4+ b5 19.Qa6 f5 20.Re1 Qd6 21.Qxb5+ Kf7
22.Rad1 Qb6 23.Qe5 Rhg8 24.h4 Rac8 25.Rd7 Rc5 26.Qd4 Ra5 27.Rxe7+ Kxe7 28.Bg5+ Ke8
29.Qf6  1-0

[Event "ch-ROU Men"]
[Site "Sarata Monteoru ROU"]
[Date "2011.02.19"]
[Round "10.2"]
[White "Baratosi,D"]
[Black "Parligras,M"]
[Result "1/2-1/2"]
[WhiteElo "2372"]
[BlackElo "2594"]

1.e4 c5 2.c3 Nf6 3.e5 Nd5 4.d4 cxd4 5.cxd4 d6 6.Nf3 Nc6 7.Bc4 Nb6 8.Bb5 dxe5
9.Nxe5 Bd7 10.Nxd7 Qxd7 11.Nc3 e6 12.O-O Rd8 13.Bxc6 bxc6 14.Bg5 Be7 15.Bxe7 Qxe7
16.Qf3 O-O 17.Qxc6 Rxd4 18.Rad1 Rc4 19.Qd6 Qg5 20.Rd3 h5 21.Rg3 Qh6 22.Rd1 h4
23.Rgd3 Qg5 24.h3 Rfc8 25.Rd4 R4c6 26.Ne4 Qh5 27.Qe7 Nd5 28.Qg5 Qxg5 29.Nxg5 Ra6
30.a3 Rb6 31.R1d2 f6 32.Nxe6 Rxe6 33.Rxd5 Re1+ 34.Kh2 Rcc1 35.g3 Rh1+ 36.Kg2 Rcg1+
37.Kf3 Rxh3 38.Rh5 Rgh1 39.Ke4  1/2-1/2

[Event "Frauenbundesliga 1st Div 2010-11"]
[Site "Germany GER"]
[Date "2011.02.20"]
[Round "9.1"]
[White "Mader,Ma"]
[Black "Gaponenko,I"]
[Result "0-1"]
[WhiteElo "2192"]
[BlackElo "2469"]

1.e4 c5 2.c3 Nf6 3.e5 Nd5 4.Nf3 Nc6 5.Bc4 Nb6 6.Bb3 c4 7.Bc2 d6 8.exd6 Qxd6
9.d4 cxd3 10.Qxd3 Qxd3 11.Bxd3 e5 12.Bb5 f6 13.a4 a6 14.Bxc6+ bxc6 15.a5 Nd5
16.Na3 Rb8 17.Nc4 Be6 18.Nfd2 Be7 19.O-O O-O 20.g3 Rfd8 21.Ra4 Rb7 22.Kg2 Rbd7
23.Ne4 Nc7 24.Be3 Rd5 25.Bb6 R8d7 26.b4 Nb5 27.Ne3 Rd3 28.c4 Nd4 29.Bc5 Nf5
30.Bxe7 Nxe3+ 31.fxe3 Rxe7 32.b5 Rxe3 33.Nd6 cxb5 34.cxb5 Rd7 35.Kf2 Rb3
36.Ne4 Rxb5 37.Rc1 Rb2+ 38.Ke3 Bf5 39.Rc6 Rd1 40.Rcc4 Rxh2 41.Rab4 h5 42.Rb8+ Kh7
43.Nxf6+ gxf6 44.Rc7+ Kh6 45.Rh8+ Kg5 46.Rg7+ Bg6 47.Rhg8 Rd3+  0-1

[Event "US Amateur Team-ch East"]
[Site "Parsippany USA"]
[Date "2011.02.20"]
[Round "3"]
[White "Miller,D"]
[Black "Bartell,T"]
[Result "1/2-1/2"]
[WhiteElo "2261"]
[BlackElo "2334"]

1.e4 c5 2.c3 Nf6 3.e5 Nd5 4.d4 cxd4 5.cxd4 d6 6.Nf3 Nc6 7.Bc4 Nb6 8.Bb3 d5
9.Nh4 e6 10.Nf3 Be7 11.O-O O-O 12.Nc3 f5 13.exf6 Bxf6 14.Re1 Bd7 15.Bc2 Rf7
16.Nb5 g5 17.h4  1/2-1/2

[Event "ch-ROU Men"]
[Site "Sarata Monteoru ROU"]
[Date "2011.02.20"]
[Round "11.29"]
[White "Prundeanu,H"]
[Black "Luncasu,R"]
[Result "0-1"]
[WhiteElo "2194"]
[BlackElo "2161"]

1.e4 c5 2.c3 Nf6 3.e5 Nd5 4.Nf3 e6 5.d4 cxd4 6.cxd4 Nc6 7.a3 d6 8.exd6 Bxd6
9.Nc3 Nxc3 10.bxc3 O-O 11.Bd3 Be7 12.O-O b6 13.Bf4 Bb7 14.Re1 Rc8 15.Qe2 Bf6
16.Nd2 e5 17.dxe5 Nxe5 18.Be4 Bxe4 19.Nxe4 Nd3 20.Bd6 Nxe1 21.Bxf8 Nxg2 22.Qg4 Kxf8
23.Nxf6 gxf6 24.Kxg2 Qd5+ 25.Qf3 Qxf3+ 26.Kxf3 Rxc3+ 27.Kg2 Ke7 28.a4 Rc5
29.Rd1 Rc4 30.Ra1 Kd7  0-1

[Event "TCh-SVK Extraliga 2010-11"]
[Site "Slovakia SVK"]
[Date "2011.02.20"]
[Round "6.4"]
[White "Motuz,K"]
[Black "Skreno,V"]
[Result "1/2-1/2"]
[WhiteElo "2245"]
[BlackElo "2160"]

1.e4 c5 2.c3 Nf6 3.e5 Nd5 4.Nf3 e6 5.d4 cxd4 6.cxd4 d6 7.Bc4 Nc6 8.O-O dxe5
9.dxe5 Be7 10.Nbd2 Nb6 11.Bb3 Nd4 12.Nxd4 Qxd4 13.Re1 Bd7 14.Re4 Qc5 15.Qg4 g6
16.Nf3 Qc7 17.Bh6 Bc6 18.Rc1 Bf8 19.Bg5 Be7 20.Nd4 Bxg5 21.Qxg5 Qd8 22.Qxd8+ Rxd8
23.Nxc6 Rc8 24.Rd4 bxc6 25.Rd6 c5 26.a4 Ke7 27.a5 Nd7 28.f4 Rhd8 29.Ba4 Nb8
30.Rcd1 Rxd6 31.Rxd6 f6 32.Kf2 fxe5 33.fxe5 c4 34.Ke3 Rc5 35.Kd4 Rxa5 36.Bd1 Nd7
37.Bg4 Nf8 38.Rc6 Rd5+ 39.Kc3 Rxe5 40.Rc7+ Nd7 41.Rxa7 Re3+ 42.Kd2 Rb3 43.Kc2 Re3
44.Rc7 Re4 45.Bf3 Rh4 46.Kc3 Rxh2 47.Kxc4 Kd8 48.Rb7 Kc8 49.Kd4 Rh4+ 50.Ke3 Ne5
51.Re7 Nc4+ 52.Kf2 Nxb2 53.g3 Kd8 54.Rb7 Rh2+ 55.Kg1 Rd2 56.Rxh7 Rd7 57.Rh6 Rg7
58.Be4 Ke7 59.Rxg6 Rxg6 60.Bxg6  1/2-1/2

[Event "2nd Jerry Hanken Memorial"]
[Site "Stillwater USA"]
[Date "2011.02.21"]
[Round "7.2"]
[White "Galant,S"]
[Black "Xiong,Jeffrey"]
[Result "1-0"]
[WhiteElo "2161"]
[BlackElo "1880"]

1.e4 c5 2.c3 Nf6 3.e5 Nd5 4.Bc4 Nb6 5.Bb3 d6 6.exd6 Qxd6 7.Ne2 Nc6 8.d4 cxd4
9.Nxd4 Nxd4 10.Qxd4 Qxd4 11.cxd4 g6 12.Nc3 Bd7 13.O-O Bg7 14.d5 O-O 15.Re1 Rfe8
16.Bg5 e6 17.dxe6 Bxe6 18.Bxe6 Rxe6 19.Rxe6 fxe6 20.Re1 h6 21.Bc1 Rd8 22.g3 Nc4
23.Rd1 Rxd1+ 24.Nxd1 Ne5 25.b3 Nd3 26.Bd2 Ne5 27.Bc3 Kf7 28.Kf1 Nc6 29.Bxg7 Kxg7
30.Ke2 Kf6 31.Nc3 g5 32.h3 Kf5 33.Ke3 b6 34.Ne4 Nb4 35.Nd6+ Kf6 36.a4 e5
37.Ke4 Na6 38.Kd5 Nb4+ 39.Kc4 Nc6 40.g4 Ne7 41.Kb5 Ke6 42.Nc4 Kd5 43.Ka6 Nc6
44.Ne3+ Ke4 45.Kb7 Na5+ 46.Kxa7 Nxb3 47.Kxb6 Kf3 48.Nc4 e4 49.Nd6 Nd2 50.a5 Kxf2
51.Nxe4+ Nxe4 52.Kc6 Kg3 53.a6 Nf2 54.a7 Nxh3 55.a8=Q Kxg4 56.Qc8+ Kh4 57.Kd5 h5
58.Ke4 g4 59.Qf5 Ng5+ 60.Ke3 Nh3 61.Qf6+ Kg3 62.Qe5+ Kh4 63.Ke2 Ng1+ 64.Kf2 Nh3+
65.Kf1  1-0

[Event "e2e4.org.uk Brighton Masters B"]
[Site "Brighton ENG"]
[Date "2011.02.24"]
[Round "2"]
[White "Venkataramanan,T"]
[Black "Tozer,R"]
[Result "1-0"]
[WhiteElo "2302"]
[BlackElo "2298"]

1.e4 c5 2.c3 Nf6 3.e5 Nd5 4.d4 cxd4 5.Bc4 Nb6 6.Bb3 Nc6 7.Nf3 d5 8.exd6 Qxd6
9.O-O Be6 10.Bxe6 Qxe6 11.cxd4 Rd8 12.Nc3 g6 13.Re1 Qc4 14.Bg5 Bg7 15.Rc1 Bxd4
16.Ne4 Qxa2 17.Nxd4 Rxd4 18.Nf6+ Kd8 19.Rxc6 Qxb2 20.Be3  1-0

[Event "4th Karkonosze Open A"]
[Site "Karpacz POL"]
[Date "2011.02.24"]
[Round "5"]
[White "Kolosowski,M"]
[Black "Aliavdin,N"]
[Result "1/2-1/2"]
[WhiteElo "2375"]
[BlackElo "2377"]

1.e4 c5 2.c3 Nf6 3.e5 Nd5 4.d4 cxd4 5.Nf3 Nc6 6.Bc4 e6 7.cxd4 d6 8.O-O dxe5
9.dxe5 Be7 10.Qe2 O-O 11.Rd1 a6 12.Qe4 Qc7 13.Bd3 g6 14.Bh6 Rd8 15.Nbd2 Bd7
16.a3 Be8 17.h4 Nb6 18.Rac1 Nd7 19.Nc4 Nc5 20.Qe3 Nxd3 21.Rxd3 Rxd3 22.Qxd3 Rd8
23.Qe4 Qd7 24.Ne3 Qd3 25.Qf4 Nd4 26.Nxd4 Qxd4 27.Qxd4 Rxd4 28.Rc8 Rd8 29.Rxd8 Bxd8
30.Bg5 Bb6 31.Nc4 Bd4 32.Be3 Bb5  1/2-1/2

[Event "TCh-CAT Div Hon"]
[Site "Barcelona ESP"]
[Date "2011.02.26"]
[Round "5"]
[White "Baron Isanta,J"]
[Black "Torrecillas Martinez,A"]
[Result "1-0"]
[WhiteElo "2363"]
[BlackElo "2433"]

1.e4 c5 2.c3 Nf6 3.e5 Nd5 4.Nf3 Nc6 5.Bc4 Nb6 6.Bb3 c4 7.Bc2 Qc7 8.Qe2 g5
9.Nxg5 Qxe5 10.Qxe5 Nxe5 11.O-O h6 12.Nh3 d5 13.Nf4 Rg8 14.Na3 Bd7 15.Kh1 O-O-O
16.Re1 Ng4 17.Nh3 Nf6 18.d4 Ne4 19.Bxe4 dxe4 20.Nf4 Bc6 21.Nc2 e6 22.a3 a5
23.Nh5 Rg6 24.Bf4 Be7 25.Ne3 Rdg8 26.Rg1 Kd7 27.Rae1 Ke8 28.h3 f6 29.Bc7 Rg5
30.Nf4 Na8 31.Nxe6 Nxc7 32.Nxc7+ Kd7 33.d5 Kxc7 34.dxc6 bxc6 35.Nxc4 Bc5
36.Re2 a4 37.g3 f5 38.Rd1 Rh5 39.Kh2 f4 40.gxf4 Rf5 41.Rg1 Rxg1 42.Kxg1 Rxf4
43.Nd2 Bb6 44.Nxe4 Rf5 45.Kg2 Rf7 46.Kg3 Rf5 47.Kg4 Rd5 48.f4 h5+ 49.Kh4 Rf5
50.Kg3 Ba7 51.Nd2 Rd5 52.Re7+ Kb8 53.Nf3 Rb5 54.Nd4 Bb6 55.Nxc6+ Ka8 56.Nb4 Rf5
57.Re5 h4+ 58.Kg4 Rf8 59.Rf5 Rh8 60.Rh5 Rg8+ 61.Rg5 Rf8 62.Nd5 Bf2 63.f5 Rb8
64.f6  1-0

[Event "e2e4.org.uk Brighton Masters B"]
[Site "Brighton ENG"]
[Date "2011.02.26"]
[Round "7"]
[White "Venkataramanan,T"]
[Black "Gormally,D"]
[Result "0-1"]
[WhiteElo "2302"]
[BlackElo "2484"]

1.e4 c5 2.c3 Nf6 3.e5 Nd5 4.Bc4 Nb6 5.Bb3 Nc6 6.d4 cxd4 7.Nf3 d5 8.exd6 Qxd6
9.O-O Be6 10.Bxe6 Qxe6 11.cxd4 Qd7 12.Nc3 e6 13.Be3 Bb4 14.Qe2 O-O 15.Rfd1 Bxc3
16.bxc3 Qd5 17.Rab1 Nc4 18.Ne1 b6 19.Nd3 N6a5 20.Qg4 Nxe3 21.fxe3 Qxa2 22.Nf4 Qc2
23.Rb5 Nc4 24.Nh5 g6 25.Nf6+ Kg7 26.Rf1 Nxe3 27.Qh3 Nxf1  0-1